| 000 | 00897nam a2200229 a 4500 | ||
|---|---|---|---|
| 001 | 70920 | ||
| 003 | BD-RjUL | ||
| 005 | 20211209082044.0 | ||
| 008 | 170422s1984 bg |||| |||| 000 0 ben d | ||
| 020 | _c: Tk. 28.00 | ||
| 035 | _a(BD-RjUL)71134 | ||
| 040 |
_aBD-RjUL _bben _cBD-RjUL _dBD-RjUL |
||
| 041 | _aben | ||
| 082 |
_223 _a599.05492 _bCHB 1984 |
||
| 100 | 1 |
_aচৌধুরী, মাহবুবউদ্দিন _9209876 |
|
| 245 | 1 | 0 |
_aবাংলাদেশের স্তন্যপায়ী বন্যপ্রনণী / _cমাহবুবউদ্দিন চৌধুরী |
| 260 |
_aঢাকা : _bমুক্তধারা : _c১৯৮৪ |
||
| 300 |
_a১৮৮ পৃ. ; _c২৭ সেমি. |
||
| 650 |
_aস্তন্যপায়ী প্রাণী _9209877 _zবাংলাদেশ |
||
| 650 |
_aMammal _9209878 _zBangladesh |
||
| 942 |
_2ddc _cBK |
||
| 999 |
_c70920 _d70920 |
||